000 00603nam a2200265Ia 4500
005 20260306163917.0
008 008 260114s9999 xx 000 0 eng d
020 _a9781617970924
037 _aEBOOK
040 _aCRL
040 _beng
040 _cCRL
041 _2eng
041 _aeng
084 _qCRL
100 _aGazaleh
_91129611
245 0 _aHeld In Trust
260 _bAmerican University in Cairo Press
260 _c2012
650 _aSocial Work
856 _uhttps://academic.oup.com/book/28522
942 _cEBOOK
999 _c1711983
_d1711983